Teambuilding cesta k efektivní spolupráci
Salvato in:
| Autore principale: | |
|---|---|
| Natura: | Libro |
| Lingua: | ceco |
| Pubblicazione: |
Praha
Portál
2005
|
| Soggetti: | |
| Tags: |
Nessun Tag, puoi essere il primo ad aggiungerne!!
|
MARC
| LEADER | 00000nam$a2200000$$$4500 | ||
|---|---|---|---|
| 001 | 0038660 | ||
| 005 | 20221129083014.6 | ||
| 020 | |a 80-7367-042-9 | ||
| 041 | 0 | |a cze | |
| 044 | |a CZ | ||
| 245 | 1 | 0 | |a Teambuilding |b cesta k efektivní spolupráci |c Eva Zahrádková |
| 264 | 1 | |a Praha |b Portál |c 2005 | |
| 300 | |a 173 s. | ||
| 610 | 2 | 0 | |a práca tímová |
| 610 | 2 | 0 | |a tímy pracovné |
| 610 | 2 | 0 | |a spolupracovníci |
| 610 | 2 | 0 | |a vzťahy medziľudské |
| 610 | 2 | 0 | |a komunikácia |
| 610 | 2 | 0 | |a komunikácia interpersonálna |
| 610 | 2 | 0 | |a firmy |
| 610 | 2 | 0 | |a práca s ľuďmi |
| 610 | 2 | 0 | |a kurzy |
| 100 | 1 | |a Zahrádková, Eva | |